[Event "Bundesliga 0102"]
[Site "Deutschland"]
[Date "2002.03.17"]
[Round "11.5"]
[White "Hansen, Curt"]
[Black "Mueller, Matthias"]
[Result "1-0"]
[WhiteElo "2626"]
[BlackElo "2402"]
[PlyCount "113"]
[EventDate "2001.10.06"]
[EventType "team"]
[EventRounds "15"]
[EventCountry "GER"]
[SourceTitle "Bundesliga 0102"]
[Source "DeepChess"]
[SourceDate "2005.01.01"]
[SourceVersion "1"]
[SourceVersionDate "2005.01.01"]
[SourceQuality "1"]
[WhiteTeam "SG Porz e.V."]
[BlackTeam "Erfurter SK"]
[WhiteTeamCountry "GER"]
[BlackTeamCountry "GER"]

1. c4 e6 2. d4 d5 3. Nf3 Nf6 4. Nc3 c6 5. Bg5 dxc4 6. e4 b5 7. e5 h6 8. Bh4 g5
9. Nxg5 hxg5 10. Bxg5 Nbd7 11. exf6 Bb7 12. g3 c5 13. d5 Bh6 14. Bxh6 Rxh6 15.
Qd2 Qxf6 16. Ne4 Qf3 17. Nd6+ Ke7 18. Nxb7 Rh5 19. d6+ Ke8 20. Rg1 c3 21. bxc3
Re5+ 22. Be2 Rxe2+ 23. Qxe2 Qxc3+ 24. Kf1 Qxa1+ 25. Kg2 Qe5 26. Qxe5 Nxe5 27.
Rb1 b4 28. Nxc5 a5 29. Rd1 Nd7 30. Nb7 a4 31. Rb1 b3 32. axb3 a3 33. b4 Ra4 34.
Nc5 a2 35. Ra1 Rxb4 36. Nxd7 Kxd7 37. Rxa2 Kxd6 38. Ra7 f5 39. Rf7 Rb5 40. h4
Ke5 41. Kh3 Rb1 42. f4+ Ke4 43. Ra7 e5 44. Ra4+ Kf3 45. Ra3+ Ke4 46. fxe5 Kxe5
47. Kg2 Rb6 48. Kf3 Kf6 49. Ra4 Kg6 50. Kf4 Rc6 51. Rd4 Rb6 52. Ke5 Rb5+ 53.
Rd5 Rb3 54. Rd6+ Kh5 55. Kf4 Rb1 56. Kxf5 Rf1+ 57. Ke4 1-0

[Event "Bundesliga 0102"]
[Site "Deutschland"]
[Date "2002.03.17"]
[Round "11.6"]
[White "Casper, Thomas"]
[Black "Graf, Alexander"]
[Result "0-1"]
[WhiteElo "2409"]
[BlackElo "2610"]
[PlyCount "84"]
[EventDate "2001.10.06"]
[EventType "team"]
[EventRounds "15"]
[EventCountry "GER"]
[SourceTitle "Bundesliga 0102"]
[Source "DeepChess"]
[SourceDate "2005.01.01"]
[SourceVersion "1"]
[SourceVersionDate "2005.01.01"]
[SourceQuality "1"]
[WhiteTeam "Erfurter SK"]
[BlackTeam "SG Porz e.V."]
[WhiteTeamCountry "GER"]
[BlackTeamCountry "GER"]

1. e4 c5 2. Nf3 e6 3. c3 d5 4. exd5 Qxd5 5. d4 Nf6 6. Be2 Nc6 7. O-O cxd4 8.
Nxd4 Nxd4 9. cxd4 Bd6 10. Nc3 Qa5 11. Qb3 O-O 12. Rd1 Rd8 13. Bd2 Be7 14. Bf4
Qb4 15. Qxb4 Bxb4 16. Bf3 Bd6 17. Be5 Kf8 18. Rac1 Bxe5 19. dxe5 Rxd1+ 20. Rxd1
Nd7 21. Bxb7 Bxb7 22. Rxd7 Rb8 23. f3 a5 24. Rc7 g5 25. b3 h5 26. Nb5 Bxf3 27.
Nd6 Bd5 28. Rxf7+ Kg8 29. Ra7 Rb4 30. Rxa5 Rg4 31. g3 Rd4 32. Nc4 Rd1+ 33. Kf2
Rh1 34. h4 Rh2+ 35. Ke3 Rg2 36. hxg5 Rxg3+ 37. Kf2 Rg2+ 38. Kf1 Rxg5 39. Ne3
Be4 40. Rc5 h4 41. Kf2 h3 42. Nf1 Rf5+ 0-1

[Event "Bundesliga 0102"]
[Site "Deutschland"]
[Date "2002.03.17"]
[Round "11.7"]
[White "Van den Doel, Erik"]
[Black "Voekler, Bernd"]
[Result "1-0"]
[WhiteElo "2607"]
[BlackElo "2376"]
[PlyCount "81"]
[EventDate "2001.10.06"]
[EventType "team"]
[EventRounds "15"]
[EventCountry "GER"]
[SourceTitle "Bundesliga 0102"]
[Source "DeepChess"]
[SourceDate "2005.01.01"]
[SourceVersion "1"]
[SourceVersionDate "2005.01.01"]
[SourceQuality "1"]
[WhiteTeam "SG Porz e.V."]
[BlackTeam "Erfurter SK"]
[WhiteTeamCountry "GER"]
[BlackTeamCountry "GER"]

1. e4 c5 2. Nf3 d6 3. d4 cxd4 4. Nxd4 Nf6 5. Nc3 a6 6. Be3 e5 7. Nb3 Be6 8. f3
Be7 9. Qd2 O-O 10. O-O-O Nbd7 11. g4 Qc7 12. Kb1 b5 13. g5 Nh5 14. Nd5 Bxd5 15.
exd5 Nb6 16. Na5 Nxd5 17. Qxd5 Qxa5 18. c4 Rab8 19. cxb5 axb5 20. Bd3 Qa4 21.
h4 Nf4 22. Bxf4 Qxf4 23. Bxb5 Qb4 24. a4 Rfc8 25. Qe4 Qb3 26. f4 Bf8 27. f5 Rc5
28. Qd3 Qb4 29. g6 e4 30. gxf7+ Kxf7 31. Qe3 d5 32. Rd4 Qa5 33. Qb3 Rbxb5 34.
axb5 Rxb5 35. Rxd5 Rxb3 36. Rxa5 Rb7 37. Ra4 Bb4 38. Rh3 Be7 39. Rxe4 Bf6 40.
Rh2 Rb5 41. Rf2 1-0

[Event "Bundesliga 0102"]
[Site "Deutschland"]
[Date "2002.03.17"]
[Round "11.8"]
[White "Brueggemann, Joachim"]
[Black "Nijboer, Friso"]
[Result "1-0"]
[WhiteElo "2358"]
[BlackElo "2551"]
[PlyCount "69"]
[EventDate "2001.10.06"]
[EventType "team"]
[EventRounds "15"]
[EventCountry "GER"]
[SourceTitle "Bundesliga 0102"]
[Source "DeepChess"]
[SourceDate "2005.01.01"]
[SourceVersion "1"]
[SourceVersionDate "2005.01.01"]
[SourceQuality "1"]
[WhiteTeam "Erfurter SK"]
[BlackTeam "SG Porz e.V."]
[WhiteTeamCountry "GER"]
[BlackTeamCountry "GER"]

1. e4 c5 2. Nf3 Nc6 3. d4 cxd4 4. Nxd4 Nf6 5. Nc3 d6 6. Bg5 e6 7. Qd2 a6 8.
O-O-O Bd7 9. f4 Be7 10. Nf3 b5 11. Bxf6 gxf6 12. f5 Qb6 13. g3 b4 14. Ne2 e5
15. Kb1 Na5 16. Nc1 Rc8 17. Nb3 Nc4 18. Bxc4 Rxc4 19. Rhe1 O-O 20. Qe3 Qc7 21.
g4 Rxc2 22. Rg1 Kh8 23. g5 fxg5 24. Nxg5 Rxh2 25. Nd2 Rh5 26. Nxh7 Rxh7 27. Rh1
Bh4 28. Nf3 Rc8 29. Nxh4 Qc2+ 30. Ka1 Rg8 31. Rc1 Qa4 32. Nf3 Rg4 33. Rxh7+
Kxh7 34. Rh1+ Kg8 35. Qh6 1-0

[Event "Bundesliga 0102"]
[Site "Deutschland"]
[Date "2002.03.17"]
[Round "11.1"]
[White "Dautov, Rustem"]
[Black "Beliavsky, Alexander G"]
[Result "1-0"]
[WhiteElo "2630"]
[BlackElo "2659"]
[PlyCount "109"]
[EventDate "2001.10.06"]
[EventType "team"]
[EventRounds "15"]
[EventCountry "GER"]
[SourceTitle "Bundesliga 0102"]
[Source "DeepChess"]
[SourceDate "2005.01.01"]
[SourceVersion "1"]
[SourceVersionDate "2005.01.01"]
[SourceQuality "1"]
[WhiteTeam "Godesberger SK 1929"]
[BlackTeam "SK Koenig Plauen"]
[WhiteTeamCountry "GER"]
[BlackTeamCountry "GER"]

1. d4 Nf6 2. c4 e6 3. Nf3 b6 4. g3 Ba6 5. b3 Bb4+ 6. Bd2 Be7 7. Nc3 c6 8. e4 d5
9. Qc2 Bb4 10. e5 Bxc3 11. Bxc3 Ne4 12. Bd3 Nxc3 13. Qxc3 Bb7 14. O-O O-O 15.
Qc2 h6 16. cxd5 cxd5 17. Rac1 Nc6 18. Qd2 Qe7 19. Bb1 Rfc8 20. Qd3 g6 21. h4 a5
22. Qe3 h5 23. Qh6 Qf8 24. Qf4 Ba6 25. Rfe1 Nb4 26. Qd2 Rxc1 27. Rxc1 Rc8 28.
Rxc8 Qxc8 29. Kg2 Qe8 30. a3 Nc6 31. Ng5 Nb8 32. Qf4 Nd7 33. g4 hxg4 34. Qxg4
Nf8 35. h5 Qe7 36. hxg6 fxg6 37. Nh3 Qe8 38. Nf4 Kh7 39. Qh4+ Kg8 40. Qh6 Qf7
41. Bxg6 Qg7 42. Qxg7+ Kxg7 43. Be8 Kh6 44. Kg3 Kg5 45. f3 Bc8 46. Nh3+ Kf5 47.
Bh5 Bd7 48. Kh4 Bb5 49. Bg4+ Kg6 50. Nf4+ Kf7 51. Kg5 Ke7 52. Kh6 Kf7 53. Bh5+
Kg8 54. Bg6 Bc6 55. Nh3 1-0

[Event "Bundesliga 0102"]
[Site "Deutschland"]
[Date "2002.03.17"]
[Round "11.4"]
[White "Boensch, Uwe"]
[Black "Kveinys, Aloyzas"]
[Result "1-0"]
[WhiteElo "2542"]
[BlackElo "2535"]
[PlyCount "77"]
[EventDate "2001.10.06"]
[EventType "team"]
[EventRounds "15"]
[EventCountry "GER"]
[SourceTitle "Bundesliga 0102"]
[Source "DeepChess"]
[SourceDate "2005.01.01"]
[SourceVersion "1"]
[SourceVersionDate "2005.01.01"]
[SourceQuality "1"]
[WhiteTeam "SK Koenig Plauen"]
[BlackTeam "Godesberger SK 1929"]
[WhiteTeamCountry "GER"]
[BlackTeamCountry "GER"]

1. d4 Nf6 2. c4 e6 3. Nf3 b6 4. g3 Ba6 5. Nbd2 Bb7 6. Bg2 c5 7. e4 cxd4 8. Nxd4
a6 9. O-O Qc7 10. Re1 d6 11. a4 Nbd7 12. a5 Be7 13. N2b3 g6 14. axb6 Nxb6 15.
Na5 e5 16. Bh6 Nfd7 17. b4 Bf8 18. Bxf8 Kxf8 19. Rc1 Nc8 20. c5 dxc5 21. bxc5
Qxa5 22. c6 Nc5 23. Rxc5 Qxc5 24. cxb7 Rb8 25. bxc8=Q+ Rxc8 26. Nf3 Kg7 27. Qa1
Rhe8 28. Qxa6 Rb8 29. Qe2 Red8 30. Bf1 Rb3 31. Kg2 Rc8 32. h4 Rc6 33. Rd1 Qa5
34. Rd5 Qa1 35. h5 Rf6 36. Nxe5 Rb2 37. h6+ Kxh6 38. Ng4+ Kg7 39. Qe3 1-0

[Event "Bundesliga 0102"]
[Site "Deutschland"]
[Date "2002.03.17"]
[Round "11.5"]
[White "Langheinrich, Ferenc"]
[Black "Kindermann, Stefan"]
[Result "1/2-1/2"]
[WhiteElo "2398"]
[BlackElo "2520"]
[PlyCount "47"]
[EventDate "2001.10.06"]
[EventType "team"]
[EventRounds "15"]
[EventCountry "GER"]
[SourceTitle "Bundesliga 0102"]
[Source "DeepChess"]
[SourceDate "2005.01.01"]
[SourceVersion "1"]
[SourceVersionDate "2005.01.01"]
[SourceQuality "1"]
[WhiteTeam "Godesberger SK 1929"]
[BlackTeam "SK Koenig Plauen"]
[WhiteTeamCountry "GER"]
[BlackTeamCountry "GER"]

1. e4 e6 2. d4 d5 3. Nc3 Bb4 4. e5 c5 5. a3 Bxc3+ 6. bxc3 Ne7 7. Qg4 O-O 8. Bd3
Qa5 9. Bd2 Nbc6 10. Nf3 f5 11. Qh3 Qa4 12. Rg1 c4 13. Be2 Qxc2 14. Rc1 Qb2 15.
g4 Na5 16. Bd1 Nb3 17. Rc2 Qxa3 18. Bh6 Ng6 19. gxf5 Rxf5 20. Be3 Na1 21. Rc1
Nb3 22. Rc2 Na1 23. Rc1 Nb3 24. Rc2 1/2-1/2

[Event "Bundesliga 0102"]
[Site "Deutschland"]
[Date "2002.03.17"]
[Round "11.6"]
[White "Espig, Lutz"]
[Black "Breder, Dennis"]
[Result "1-0"]
[WhiteElo "2421"]
[BlackElo "2411"]
[PlyCount "115"]
[EventDate "2001.10.06"]
[EventType "team"]
[EventRounds "15"]
[EventCountry "GER"]
[SourceTitle "Bundesliga 0102"]
[Source "DeepChess"]
[SourceDate "2005.01.01"]
[SourceVersion "1"]
[SourceVersionDate "2005.01.01"]
[SourceQuality "1"]
[WhiteTeam "SK Koenig Plauen"]
[BlackTeam "Godesberger SK 1929"]
[WhiteTeamCountry "GER"]
[BlackTeamCountry "GER"]

1. Nf3 c5 2. c4 Nc6 3. Nc3 Nd4 4. Ng1 Nc6 5. e3 Nf6 6. Nf3 e6 7. d4 d5 8. a3 a6
9. cxd5 exd5 10. Be2 cxd4 11. Nxd4 Bd6 12. Bf3 Be5 13. O-O O-O 14. Nde2 Be6 15.
Nf4 Bxc3 16. bxc3 Ne5 17. Be2 Qc7 18. Qb3 Rfd8 19. Rd1 Rac8 20. Bd2 Nc4 21.
Nxe6 fxe6 22. Be1 Ne4 23. a4 Rd7 24. Qa2 Rf7 25. f3 Ned6 26. Bf2 Qc6 27. Qc2
Nf5 28. Bxc4 Qxc4 29. e4 dxe4 30. Qxe4 Qxe4 31. fxe4 Nh6 32. Rd6 Ng4 33. Be1
Ne3 34. Bg3 Rcf8 35. h3 Rf1+ 36. Rxf1 Rxf1+ 37. Kh2 Rd1 38. h4 Rxd6 39. Bxd6
Nd1 40. Bb4 Nf2 41. Kg3 Nd3 42. Kf3 Kf7 43. Ke3 Ne5 44. Kd4 Nd7 45. Bd6 Kg6 46.
g4 h5 47. g5 Kf7 48. c4 Ke8 49. c5 Kd8 50. g6 Ke8 51. e5 Kd8 52. a5 Kc8 53. Ke4
Nb8 54. Bxb8 Kxb8 55. Kf4 Kc7 56. Kg5 Kc6 57. Kxh5 Kxc5 58. Kg4 1-0

[Event "Bundesliga 0102"]
[Site "Deutschland"]
[Date "2002.03.17"]
[Round "11.7"]
[White "Jackelen, Thomas"]
[Black "Kuraszkiewicz, Michael"]
[Result "1-0"]
[WhiteElo "2392"]
[BlackElo "2350"]
[PlyCount "73"]
[EventDate "2001.10.06"]
[EventType "team"]
[EventRounds "15"]
[EventCountry "GER"]
[SourceTitle "Bundesliga 0102"]
[Source "DeepChess"]
[SourceDate "2005.01.01"]
[SourceVersion "1"]
[SourceVersionDate "2005.01.01"]
[SourceQuality "1"]
[WhiteTeam "Godesberger SK 1929"]
[BlackTeam "SK Koenig Plauen"]
[WhiteTeamCountry "GER"]
[BlackTeamCountry "GER"]

1. Nf3 d6 2. d4 Bg4 3. c4 Bxf3 4. exf3 g6 5. Nc3 Bg7 6. g3 Nh6 7. Bh3 c6 8. Be3
Nd7 9. O-O Nf5 10. Bxf5 gxf5 11. Re1 O-O 12. Bg5 Nf6 13. Qd2 d5 14. cxd5 cxd5
15. Qf4 Qd7 16. Qh4 h6 17. Bxh6 Bxh6 18. Qxh6 Nh7 19. Re5 e6 20. Rae1 Kh8 21.
R5e2 b5 22. Rc2 Rfc8 23. Rec1 Rc4 24. b3 Rcc8 25. h4 Kg8 26. Ne2 Rxc2 27. Rxc2
Rc8 28. Qc1 Rxc2 29. Qxc2 Nf8 30. Nf4 f6 31. Nd3 a5 32. Qc5 a4 33. Qb6 axb3 34.
axb3 Kf7 35. Nc5 Qe8 36. Nb7 Ke7 37. Qc5+ 1-0

[Event "Bundesliga 0102"]
[Site "Deutschland"]
[Date "2002.03.17"]
[Round "11.8"]
[White "Dirr, Ulrich"]
[Black "Seger, Ruediger"]
[Result "1/2-1/2"]
[WhiteElo "2323"]
[BlackElo "2400"]
[PlyCount "69"]
[EventDate "2001.10.06"]
[EventType "team"]
[EventRounds "15"]
[EventCountry "GER"]
[SourceTitle "Bundesliga 0102"]
[Source "DeepChess"]
[SourceDate "2005.01.01"]
[SourceVersion "1"]
[SourceVersionDate "2005.01.01"]
[SourceQuality "1"]
[WhiteTeam "SK Koenig Plauen"]
[BlackTeam "Godesberger SK 1929"]
[WhiteTeamCountry "GER"]
[BlackTeamCountry "GER"]

1. e4 c6 2. d4 d5 3. e5 c5 4. dxc5 e6 5. Nf3 Bxc5 6. Bd3 Nc6 7. O-O f6 8. Qe2
fxe5 9. Nxe5 Nxe5 10. Qxe5 Nf6 11. Bb5+ Kf7 12. c4 Rf8 13. Bg5 Kg8 14. cxd5
Qxd5 15. Qxd5 exd5 16. Nc3 Be6 17. Rad1 Rad8 18. h3 h6 19. Bh4 a6 20. Bd3 g5
21. Bg3 d4 22. Na4 Ba7 23. b3 b5 24. Rfe1 Rfe8 25. Nb2 Nd5 26. Bg6 Re7 27. Nd3
Nc3 28. Rd2 a5 29. Bf5 Rde8 30. Bd6 Bxf5 31. Rxe7 Rxe7 32. Bxe7 Nb1 33. Rd1 Nc3
34. Rd2 Nb1 35. Rd1 1/2-1/2

[Event "Bundesliga 0102"]
[Site "Deutschland"]
[Date "2002.03.17"]
[Round "11.1"]
[White "Dorfman, Josif D"]
[Black "Skripchenko, Almira"]
[Result "1/2-1/2"]
[WhiteElo "2602"]
[BlackElo "2494"]
[PlyCount "41"]
[EventDate "2001.10.06"]
[EventType "team"]
[EventRounds "15"]
[EventCountry "GER"]
[SourceTitle "Bundesliga 0102"]
[Source "DeepChess"]
[SourceDate "2005.01.01"]
[SourceVersion "1"]
[SourceVersionDate "2005.01.01"]
[SourceQuality "1"]
[WhiteTeam "Hamburger SK 1830 e.V."]
[BlackTeam "SGEM Heiligenhaus 1937 e. V."]
[WhiteTeamCountry "GER"]
[BlackTeamCountry "GER"]

1. Nf3 d5 2. e3 Nf6 3. c4 e6 4. b3 Be7 5. Bb2 O-O 6. Be2 b6 7. O-O Bb7 8. Nc3
dxc4 9. bxc4 c5 10. Qc2 Nc6 11. Rfd1 Rc8 12. a3 Qc7 13. Rab1 Rfd8 14. Ba1 Qb8
15. h3 h6 16. d3 Rd7 17. Rd2 Qa8 18. Rbd1 Rcd8 19. Bb2 Re8 20. Bf1 Rdd8 21. Be2
1/2-1/2

[Event "Bundesliga 0102"]
[Site "Deutschland"]
[Date "2002.03.17"]
[Round "11.2"]
[White "Van Mil, Johannes A J"]
[Black "Kempinski, Robert"]
[Result "1/2-1/2"]
[WhiteElo "2416"]
[BlackElo "2595"]
[PlyCount "43"]
[EventDate "2001.10.06"]
[EventType "team"]
[EventRounds "15"]
[EventCountry "GER"]
[SourceTitle "Bundesliga 0102"]
[Source "DeepChess"]
[SourceDate "2005.01.01"]
[SourceVersion "1"]
[SourceVersionDate "2005.01.01"]
[SourceQuality "1"]
[WhiteTeam "SGEM Heiligenhaus 1937 e. V."]
[BlackTeam "Hamburger SK 1830 e.V."]
[WhiteTeamCountry "GER"]
[BlackTeamCountry "GER"]

1. e4 c5 2. Nc3 d6 3. f4 a6 4. Nf3 Nf6 5. d3 Nc6 6. g3 d5 7. e5 d4 8. exf6 dxc3
9. bxc3 exf6 10. Bg2 Be7 11. O-O O-O 12. Be3 Be6 13. a4 Qd7 14. Nd2 Na5 15. c4
f5 16. Nf3 Qc7 17. Bd2 Bf6 18. Ne5 Nc6 19. Rb1 Nxe5 20. Rxb7 Qd6 21. fxe5 Bxe5
22. Qf3 1/2-1/2

[Event "Bundesliga 0102"]
[Site "Deutschland"]
[Date "2002.03.17"]
[Round "11.4"]
[White "Schmitz, Andreas Arnold"]
[Black "Gustafsson, Jan"]
[Result "0-1"]
[WhiteElo "2185"]
[BlackElo "2535"]
[PlyCount "56"]
[EventDate "2001.10.06"]
[EventType "team"]
[EventRounds "15"]
[EventCountry "GER"]
[SourceTitle "Bundesliga 0102"]
[Source "DeepChess"]
[SourceDate "2005.01.01"]
[SourceVersion "1"]
[SourceVersionDate "2005.01.01"]
[SourceQuality "1"]
[WhiteTeam "SGEM Heiligenhaus 1937 e. V."]
[BlackTeam "Hamburger SK 1830 e.V."]
[WhiteTeamCountry "GER"]
[BlackTeamCountry "GER"]

1. e4 c6 2. f4 d5 3. d3 g6 4. Nc3 Bg7 5. Bd2 Nh6 6. Qf3 Qb6 7. Be2 Qxb2 8. Rb1
Qa3 9. Rb3 Qd6 10. h3 Na6 11. g4 d4 12. e5 Qd8 13. Ne4 f6 14. exf6 exf6 15. f5
O-O 16. Bxh6 Bxh6 17. Qg3 Nc5 18. Nxc5 Qa5+ 19. Kf2 Qxc5 20. Nf3 Be3+ 21. Kg2
Qxc2 22. Re1 Qxa2 23. Rbb1 gxf5 24. gxf5+ Kh8 25. Qd6 Bxf5 26. Ra1 Qe6 27. Qxe6
Bxe6 28. Reb1 b6 0-1

[Event "Bundesliga 0102"]
[Site "Deutschland"]
[Date "2002.03.17"]
[Round "11.5"]
[White "Hansen, Sune Berg"]
[Black "Lindner, Arnd"]
[Result "1-0"]
[WhiteElo "2536"]
[BlackElo "2120"]
[PlyCount "71"]
[EventDate "2001.10.06"]
[EventType "team"]
[EventRounds "15"]
[EventCountry "GER"]
[SourceTitle "Bundesliga 0102"]
[Source "DeepChess"]
[SourceDate "2005.01.01"]
[SourceVersion "1"]
[SourceVersionDate "2005.01.01"]
[SourceQuality "1"]
[WhiteTeam "Hamburger SK 1830 e.V."]
[BlackTeam "SGEM Heiligenhaus 1937 e. V."]
[WhiteTeamCountry "GER"]
[BlackTeamCountry "GER"]

1. e4 c5 2. Nc3 Nc6 3. g3 g6 4. Bg2 Bg7 5. d3 d6 6. Be3 Rb8 7. Qd2 b5 8. Nge2
Nd4 9. O-O e6 10. Nd1 Nxe2+ 11. Qxe2 Ne7 12. Qd2 O-O 13. Bh6 Qc7 14. Bxg7 Kxg7
15. Ne3 e5 16. f4 f6 17. Rf2 Bd7 18. Raf1 Rf7 19. h4 Rbf8 20. h5 Qc8 21. hxg6
hxg6 22. c3 a6 23. d4 Be6 24. b3 Bh3 25. dxe5 dxe5 26. fxe5 fxe5 27. Qd6 Qe6
28. Rxf7+ Rxf7 29. Rxf7+ Kxf7 30. Qxc5 Bxg2 31. Kxg2 g5 32. Qc7 Kg6 33. Qd8 g4
34. Qe8+ Kf6 35. Qh5 Qd6 36. Nxg4+ 1-0

[Event "Bundesliga 0102"]
[Site "Deutschland"]
[Date "2002.03.17"]
[Round "11.6"]
[White "Heller, Achim"]
[Black "Wahls, Matthias"]
[Result "0-1"]
[WhiteElo "2027"]
[BlackElo "2580"]
[PlyCount "74"]
[EventDate "2001.10.06"]
[EventType "team"]
[EventRounds "15"]
[EventCountry "GER"]
[SourceTitle "Bundesliga 0102"]
[Source "DeepChess"]
[SourceDate "2005.01.01"]
[SourceVersion "1"]
[SourceVersionDate "2005.01.01"]
[SourceQuality "1"]
[WhiteTeam "SGEM Heiligenhaus 1937 e. V."]
[BlackTeam "Hamburger SK 1830 e.V."]
[WhiteTeamCountry "GER"]
[BlackTeamCountry "GER"]

1. d4 Nf6 2. c4 e6 3. Nc3 Bb4 4. Qc2 c5 5. dxc5 O-O 6. a3 Bxc5 7. Nf3 b6 8. Bg5
Bb7 9. e4 h6 10. Bxf6 Qxf6 11. e5 Qf4 12. Ne2 Qe4 13. Qxe4 Bxe4 14. Ned4 Rd8
15. Nb5 Bxf3 16. gxf3 a6 17. Nd6 Bd4 18. f4 Bxb2 19. Bg2 Nc6 20. Ra2 Bc1 21. f5
Bf4 22. fxe6 fxe6 23. Re2 Bxe5 24. Rxe5 Nxe5 25. Bxa8 Rxa8 26. Ke2 Rb8 27. Rb1
Nc6 28. a4 Kf8 29. Kd3 Ke7 30. c5 bxc5 31. Rxb8 Nxb8 32. Nc8+ Kd8 33. Nd6 Kc7
34. Ne8+ Kb6 35. Nxg7 Nc6 36. f4 Ne7 37. Ke4 Ka5 0-1

[Event "Bundesliga 0102"]
[Site "Deutschland"]
[Date "2002.03.17"]
[Round "11.7"]
[White "Reeh, Oliver"]
[Black "Perschke, Ulrich"]
[Result "1-0"]
[WhiteElo "2416"]
[BlackElo "2216"]
[PlyCount "59"]
[EventDate "2001.10.06"]
[EventType "team"]
[EventRounds "15"]
[EventCountry "GER"]
[SourceTitle "Bundesliga 0102"]
[Source "DeepChess"]
[SourceDate "2005.01.01"]
[SourceVersion "1"]
[SourceVersionDate "2005.01.01"]
[SourceQuality "1"]
[WhiteTeam "Hamburger SK 1830 e.V."]
[BlackTeam "SGEM Heiligenhaus 1937 e. V."]
[WhiteTeamCountry "GER"]
[BlackTeamCountry "GER"]

1. e4 g6 2. d4 Bg7 3. c4 Nc6 4. d5 Nd4 5. Ne2 e5 6. Nxd4 exd4 7. Bd3 c5 8. O-O
d6 9. h3 Ne7 10. Nd2 O-O 11. Nf3 f5 12. Re1 fxe4 13. Bxe4 h6 14. Qd3 Nf5 15.
Re2 b5 16. b3 bxc4 17. bxc4 Rb8 18. Rb1 Rxb1 19. Qxb1 Ba6 20. Bd3 Qa5 21. Re6
Bc8 22. Rxg6 Kh8 23. Bd2 Qd8 24. Rg4 Be5 25. Qe1 Qf6 26. Re4 Qg7 27. Rg4 Qf6
28. Bf4 Ne7 29. Nxe5 Bxg4 30. Nxg4 1-0

[Event "Bundesliga 0102"]
[Site "Deutschland"]
[Date "2002.03.17"]
[Round "11.8"]
[White "Van Beers, Eddy"]
[Black "Sebastian, Dirk"]
[Result "1/2-1/2"]
[WhiteElo "2323"]
[BlackElo "2361"]
[PlyCount "21"]
[EventDate "2001.10.06"]
[EventType "team"]
[EventRounds "15"]
[EventCountry "GER"]
[SourceTitle "Bundesliga 0102"]
[Source "DeepChess"]
[SourceDate "2005.01.01"]
[SourceVersion "1"]
[SourceVersionDate "2005.01.01"]
[SourceQuality "1"]
[WhiteTeam "SGEM Heiligenhaus 1937 e. V."]
[BlackTeam "Hamburger SK 1830 e.V."]
[WhiteTeamCountry "GER"]
[BlackTeamCountry "GER"]

1. e4 e5 2. Nc3 Nf6 3. Bc4 Bc5 4. d3 d6 5. f4 Ng4 6. f5 h5 7. Nh3 Qh4+ 8. Kf1
Ne3+ 9. Bxe3 Bxe3 10. Nd5 Bb6 11. Qe1 1/2-1/2

[Event "Bundesliga 0102"]
[Site "Deutschland"]
[Date "2002.03.17"]
[Round "11.1"]
[White "Adams, Michael"]
[Black "Kasimdzhanov, Rustam"]
[Result "1/2-1/2"]
[WhiteElo "2744"]
[BlackElo "2704"]
[PlyCount "111"]
[EventDate "2001.10.06"]
[EventType "team"]
[EventRounds "15"]
[EventCountry "GER"]
[SourceTitle "Bundesliga 0102"]
[Source "DeepChess"]
[SourceDate "2005.01.01"]
[SourceVersion "1"]
[SourceVersionDate "2005.01.01"]
[SourceQuality "1"]
[WhiteTeam "Luebecker SV von 1873 "]
[BlackTeam "SG 1868 Aljech. Solingen"]
[WhiteTeamCountry "GER"]
[BlackTeamCountry "GER"]

1. e4 c5 2. Nf3 Nc6 3. Bb5 g6 4. O-O Bg7 5. Re1 e5 6. Bxc6 dxc6 7. d3 Bg4 8.
Nbd2 Nf6 9. Nc4 Bxf3 10. Qxf3 Qe7 11. Bd2 O-O 12. a3 Qe6 13. b4 cxb4 14. axb4
Nd7 15. Qe3 a6 16. Ra5 Bf6 17. Qg3 Rae8 18. h3 Bg7 19. Bc3 Re7 20. Qg4 Rc8 21.
Rb1 f6 22. Bd2 Rd8 23. Qg3 Nf8 24. Be3 Qf7 25. Bb6 Rb8 26. f4 exf4 27. Qxf4 Ra8
28. Rf1 Qe6 29. Qg3 Nd7 30. Be3 Ne5 31. Nb6 Rd8 32. Raa1 Rf7 33. Bc5 Re8 34.
Rae1 Qa2 35. d4 Nd7 36. Nxd7 Rxd7 37. Qd3 Qe6 38. c3 Rb8 39. Qg3 Rbd8 40. Rf3
Re8 41. h4 Rf7 42. Rff1 Bf8 43. Bxf8 Kxf8 44. h5 Kg7 45. hxg6 hxg6 46. Rf4 Rh8
47. Ref1 Rh5 48. Rf5 Rxf5 49. exf5 Qe4 50. Qxg6+ Kf8 51. Qh6+ Ke7 52. Qd2 Rg7
53. Rf4 Rxg2+ 54. Qxg2 Qxf4 55. Qg7+ Ke8 56. Qg8+ 1/2-1/2

[Event "Bundesliga 0102"]
[Site "Deutschland"]
[Date "2002.03.17"]
[Round "11.4"]
[White "Fressinet, Laurent"]
[Black "Hodgson, Julian M"]
[Result "1/2-1/2"]
[WhiteElo "2606"]
[BlackElo "2581"]
[PlyCount "74"]
[EventDate "2001.10.06"]
[EventType "team"]
[EventRounds "15"]
[EventCountry "GER"]
[SourceTitle "Bundesliga 0102"]
[Source "DeepChess"]
[SourceDate "2005.01.01"]
[SourceVersion "1"]
[SourceVersionDate "2005.01.01"]
[SourceQuality "1"]
[WhiteTeam "SG 1868 Aljech. Solingen"]
[BlackTeam "Luebecker SV von 1873 "]
[WhiteTeamCountry "GER"]
[BlackTeamCountry "GER"]

1. e4 d5 2. exd5 Qxd5 3. Nc3 Qa5 4. d4 Nf6 5. Nf3 c6 6. Bd2 Bf5 7. Bc4 e6 8.
Nd5 Qd8 9. Nxf6+ Qxf6 10. Qe2 Nd7 11. O-O-O Nb6 12. Bg5 Qg6 13. h4 h6 14. Ne5
Qh7 15. Be3 Bd6 16. Bb3 h5 17. f3 a5 18. a4 Nd5 19. Bd2 Bxe5 20. Qxe5 O-O 21.
Rhg1 Nb4 22. Bxb4 axb4 23. g4 hxg4 24. fxg4 Be4 25. h5 b5 26. axb5 cxb5 27. g5
Ra1+ 28. Kd2 Rxd1+ 29. Rxd1 Bf3 30. Rg1 Qxh5 31. Kc1 Rd8 32. Kb1 Bd5 33. Qc7
Rf8 34. Bxd5 exd5 35. b3 Qg6 36. Qh2 Qh7 37. Qc7 Qf5 1/2-1/2